Návrh verejných priestorov v projekte revitalizácie brownfieldu a jeho okolí
Gespeichert in:
| 1. Verfasser: | |
|---|---|
| Weitere Verfasser: | |
| Format: | Manuskript Buch |
| Sprache: | Slowakisch |
| Veröffentlicht: |
2021
|
| Schlagworte: | |
| Online-Zugang: | http://is.stuba.sk/zp/portal_zp.pl?podrobnosti=159071 https://opac.crzp.sk/?fn=detailBiblioForm&sid=7E417B54B864B7C45220F94635AB |
| Tags: |
Keine Tags, Fügen Sie das erste Tag hinzu!
|
MARC
| LEADER | 00000ntm a22000003a 4500 | ||
|---|---|---|---|
| 001 | stuzp84026 | ||
| 003 | SK-STU | ||
| 005 | 20230515092744.3 | ||
| 007 | ta | ||
| 008 | 150427s2015----xo-----f-mn---000-0-slo-d | ||
| 040 | |a STU |b slo | ||
| 041 | 0 | |a slo | |
| 100 | 1 | |a Kuchin, Vladislav |u 010160 |4 aut |U SvF Stavebná fakulta |T SvF Katedra vodného hospodárstva krajiny |X 105590 |U V160 |Y 16 |7 105590 | |
| 242 | 0 | 1 | |a Design of public spaces in the brownfield revitalization project and its surroundings |y eng |
| 245 | 1 | 0 | |a Návrh verejných priestorov v projekte revitalizácie brownfieldu a jeho okolí |
| 260 | |c 2021 | ||
| 650 | 4 | |a revitalizácia |2 slo | |
| 650 | 4 | |a vodná kaskáda |2 slo | |
| 650 | 4 | |a návrh verejných priestorov |2 slo | |
| 650 | 4 | |a zelené strechy |2 slo | |
| 650 | 4 | |a terénne úpravy |2 slo | |
| 650 | 4 | |a intenzívne ozelenenie |2 slo | |
| 650 | 4 | |a verejné priestory |2 slo | |
| 650 | 4 | |a public spaces |2 eng | |
| 650 | 4 | |a green roofs |2 eng | |
| 650 | 4 | |a revitalization |2 eng | |
| 650 | 4 | |a water cascade |2 eng | |
| 650 | 4 | |a design of public spaces |2 eng | |
| 650 | 4 | |a landscaping |2 eng | |
| 650 | 4 | |a intensive landscaping |2 eng | |
| 700 | 1 | |a Majorošová, Martina |u 010160 |k Z1 |4 ths |U SvF Stavebná fakulta |T SvF Katedra vodného hospodárstva krajiny |X 68887 |U V160 |Y 16 |7 A000068887 | |
| 856 | 4 | |u http://is.stuba.sk/zp/portal_zp.pl?podrobnosti=159071 | |
| 856 | 4 | |u https://opac.crzp.sk/?fn=detailBiblioForm&sid=7E417B54B864B7C45220F94635AB | |